000 00606nam a2200205Ia 4500
001 8528
003 GE_BSU
008 181216s||||||||xx |||||||||||||| ||und||
040 _cGE_BSU
080 _a821.353.1-32
100 _aზედგინიძე,ელიზბარ
245 _aრჩეული
245 _cრედ. ბორის მირცხულავა, მხატვ. ვ. მესხია
260 _aთბილისი
260 _bსახელგამი
260 _c1956
300 _a514გვ.20სმ.
653 _aრჩეული
942 _cBK
999 _c41845
_d41845